| 000 | 01098nam a2200277 a 4500 | ||
|---|---|---|---|
| 001 | 000017291 | ||
| 003 | DO-SdBNP | ||
| 005 | 20260305073958.0 | ||
| 008 | 100322s1987 dr bd 000 0 spa d | ||
| 040 |
_aDO-SdBNP _bspa _cBNPHU |
||
| 049 | _aBNPD | ||
| 082 | 4 |
_a026 _bJ61r _222 |
|
| 100 | 1 |
_aJiménez, Elida _911636 |
|
| 245 | 1 | 0 |
_aReseña del desarrollo histórico de la bibliotecología en Santo Domingo / _cElida Jiménez, Maritza Gómez de Pérez, Ana Marina Méndez ; prólogo Candido Gerón. |
| 260 |
_aSanto Domingo : _bBiblioteca Nacional, _c1987. |
||
| 300 |
_a208 p. : _bmap., diagr. ; _c22 cm. |
||
| 504 | _aIncluye referencias bibliográficas y notas al pie de las páginas | ||
| 504 | _aIncluye bibliografías (p. 201-203 | ||
| 650 | 4 |
_aBibliotecología _xHistoria _zRepública Dominicana _937946 |
|
| 650 | 4 |
_aBibliotecarios _xHistoria _zRepública Dominicana _937947 |
|
| 700 | 1 |
_aGómez Pérez, Maritza de _937949 |
|
| 700 | 1 |
_aMéndez, Ana Marina _937560 |
|
| 700 | 1 |
_aGerón, Candido, _d1948- _epról. _93577 |
|
| 910 | _aValidado. Control de calidad. MAA | ||
| 942 |
_2ddc _cLBS1 |
||
| 999 |
_c16816 _d16816 |
||